|
|
|
|
| LEADER |
00000nam0a2200000 4500 |
| 001 |
303117 |
| 005 |
20231102001554.0 |
| 020 |
|
|
|a RU
|b 82-54046
|
| 035 |
|
|
|a (RuTPU)RU\TPU\book\328337
|
| 090 |
|
|
|a 303117
|
| 100 |
|
|
|a 20150831d1982 km y0rusy5003 ca
|
| 101 |
0 |
|
|a rus
|
| 102 |
|
|
|a RU
|
| 105 |
|
|
|a y z 000zy
|
| 200 |
1 |
|
|a Правила устройства электроустановок
|f СССР, Министерство энергетики и электрификации (Минэнерго)
|h Разд. 1 : Общие правила. Гл. 1-1-1-7
|
| 205 |
|
|
|a 5-е изд.
|
| 210 |
|
|
|a Москва
|c Энергоиздат
|d 1982
|
| 215 |
|
|
|d 20 см.
|a 89 с.
|
| 606 |
1 |
|
|a Электрические установки
|2 stltpush
|3 (RuTPU)RU\TPU\subj\27670
|9 51390
|
| 610 |
1 |
|
|a электроснабжение
|
| 610 |
1 |
|
|a электрические аппараты
|
| 610 |
1 |
|
|a выбор
|
| 610 |
1 |
|
|a проводники
|
| 610 |
1 |
|
|a электрическая энергия
|
| 610 |
1 |
|
|a учет
|
| 610 |
1 |
|
|a электрические величины
|
| 610 |
1 |
|
|a измерение
|
| 610 |
1 |
|
|a заземление
|
| 610 |
1 |
|
|a безопасность
|
| 610 |
1 |
|
|a правила
|
| 675 |
|
|
|a 621.31
|z rus
|v 4
|
| 712 |
0 |
1 |
|a СССР
|b Министерство энергетики и электрификации (Минэнерго)
|c (1962-1991)
|2 stltpush
|3 (RuTPU)RU\TPU\col\2702
|
| 801 |
|
0 |
|a RU
|b RuMRKP
|c 19950704
|g psbo
|
| 801 |
|
1 |
|a RU
|b 63413507
|c 20150831
|
| 801 |
|
2 |
|a RU
|b 63413507
|c 20170815
|g RCR
|
| 942 |
|
|
|c BK
|